Score 0/30 Timer 18:00
2 Plays Today
% Correct
1Muhammad Ali
90.5%
7Alfred Hitchcock
71.2%
2Andy Griffith
64.8%
12Salvador Dalí
63.5%
30Bob Hope
62.1%
13Carol Burnett
61.2%
27Groucho Marx
61%
9Doris Day
56.4%
29Mickey Rooney
56%
8Yul Brynner
55.8%
3Eleanor Roosevelt
55.6%
14Jack Lemmon
55.3%
16Vincent Price
51.6%
25Jackie Gleason
50.8%
26Joe DiMaggio
50.6%
% Correct
24Julie Andrews
50.6%
20Lauren Bacall
45.8%
10Wilt Chamberlain
45.7%
19Tony Randall
45.5%
21Harry Belafonte
44.2%
15Burl Ives
43.2%
5Jack Benny
43.1%
22Fred MacMurray
41.6%
11Edgar Bergen and Charlie McCarthy
40.4%
18Robert Mitchum
38.8%
17Debbie Reynolds
36.8%
23Steve Allen
36.3%
4Benny Goodman
27.7%
28Rosalind Russell
22.7%
6Olivia de Havilland
22.2%
Remove Ads.
Support Sporcle.
Get the best of Sporcle when you Go Orange. This ad-free experience offers more features, more stats, and more fun while also helping to support Sporcle. Thank you for becoming a member.

You're not logged in!

Compare scores with friends on all Sporcle quizzes.
OR
Log In

Show Comments

Extras

Top Quizzes Today


Score Distribution

Your Account Isn't Verified!

In order to create a playlist on Sporcle, you need to verify the email address you used during registration. Go to your Sporcle Settings to finish the process.

Report this User

Report this user for behavior that violates our Community Guidelines.

Details: